000 01531nam a2200373 c 4500
003 BLK
005 20241017005414.0
008 180411b bul|||||r ||||||| ||bul||
010 _aKNG00184717000
020 _a978-954-783-179-7
_bиздат.: Intense
040 _aBLK
041 _aBUL
_cBUL
072 7 _2bullib
_aН8302
_xФантастика Н
080 _aАмериканска литература (на САЩ)
_b821.111(73)
_x-312.9
_z821.111(73)-312.9
100 1 _aАнджелини, Джоузефин
_eпърви автор
_9340465
139 _aАнджелини, Джоузефин
_bА 65
245 1 0 _aБезсънна
_bТърсачът в дълбините
_cДжоузефин Анджелини; прев. Деница Райкова.
257 _aUSA
260 София
_bIntense
_c2012
_fСофия : Д. Благоев
300 _a416 с.
_c21 см
380 _aX
490 1 _aПоредица Любов под гибелна звезда
_vкн. 2
500 _aОриг. загл. Dreamless / Josephine Angelini.
653 _aфентъзи
653 _aромани
659 _aН
700 _aРайкова, Деница Иванова
_d1977 -
_gпреводач от англ. език, автор на кратка проза
_eпрев.
_9262557
852 _aЦб 278046
856 4 _qpdf
_u
856 4 _qpdf
_u
942 _cKNG
_n0
_07
944 _aCR
_c10.11.2015
_lCRON CRON
_k
944 _aED
_c22.12.2016
_lф /
_kВиолета_Тройчева
999 _c176112
_d176112